000 00697nam a2200289Ia 4500
005 20260324142852.0
008 008 260324s9999 xx 000 0 eng d
020 _a9780203359624
037 _aEBOOK
040 _aCRL
040 _beng
040 _cCRL
041 _2eng
041 _aeng
084 _qCRL
100 _aHanna Segal; Jean-Michel Quinodoz
_91213532
245 4 _aThe Taming of Solitude
245 0 _bSeparation Anxiety in Psychoanalysis
260 _bTaylor and Francis
260 _c1993
365 _a
365 _b185
856 _uhttp://www.taylorfrancis.com/books/9780203359624
942 _cEBOOK
999 _c1818252
_d1818252